Сборник типовых инструкций по охране труда при выполнении сварочных и станочных работ; РД 153-34.0-03.231-00 РД 153-34.0-03.288-00 - РД 153-34.0-03.297-00

Bibliografiske detaljer
Institution som forfatter: Единая энергетическая система России (ОАО РАО "ЕЭС России")
Sprog:russisk
Udgivet: Москва, НЦ ЭНАС, 2002
Fag:
Format: Bog
KOHA link:https://koha.lib.tpu.ru/cgi-bin/koha/opac-detail.pl?biblionumber=51384

MARC

LEADER 00000nam0a2200000 4500
001 51384
005 20231031035446.0
010 |a 5931961003 
035 |a (RuTPU)RU\TPU\book\53805 
090 |a 51384 
100 |a 20030429d2002 m y0rusy50 ca 
101 0 |a rus 
102 |a RU 
105 |a y l 000zy 
200 1 |a Сборник типовых инструкций по охране труда при выполнении сварочных и станочных работ  |a РД 153-34.0-03.231-00 РД 153-34.0-03.288-00 - РД 153-34.0-03.297-00  |f РАО "ЕЭС России" 
210 |a Москва  |c НЦ ЭНАС  |d 2002 
215 |a 64 с. 
610 1 |a сварочные работы 
610 1 |a станочные работы 
610 1 |a охрана труда 
610 1 |a типовые инструкции 
675 |a 621.791:658.345  |v 3 
675 |a 621.9.06.002:658  |v 3 
712 0 2 |a Единая энергетическая система России (ОАО РАО "ЕЭС России")  |c Российское открытое акционерное общество энергетики и электрификации  |c (Москва)  |2 stltpush  |3 (RuTPU)RU\TPU\col\26 
801 1 |a RU  |b 63413507  |c 20030429  |g PSBO 
801 2 |a RU  |b 63413507  |c 20080206  |g PSBO 
942 |c BK